[Event "39 Open Internacional de San Sebastian"]
[Site "Donostia - San Sebastian"]
[Date "2016.03.24"]
[Round "7"]
[Board "4"]
[White "AOUT, Sebastien"]
[Black "TRATAR, Marko"]
[Result "1/2-1/2"]
[WhiteElo "2258"]
[BlackElo "2471"]
[PlyCount "0"]
[EventDate "2016.03.19"]
[EventRounds "9"]
[EventCountry "ESP"]

1. e4 {[%clk 1:30:56]} c5 {[%clk 1:30:31]} 2. Nf3 {[%clk 1:29:24]} Nc6
{[%clk 1:30:28]} 3. d4 {[%clk 1:29:41]} cxd4 {[%clk 1:30:48]} 4. Nxd4
{[%clk 1:30:06]} Qb6 {[%clk 1:30:46]} 5. Nb3 {[%clk 1:29:40]} Nf6
{[%clk 1:31:06]} 6. Nc3 {[%clk 1:28:51]} e6 {[%clk 1:31:24]} 7. Bd3
{[%clk 1:24:10]} d6 {[%clk 1:28:54]} 8. O-O {[%clk 1:24:15]} a6 {[%clk 1:28:26]}
9. Qe2 {[%clk 1:22:30]} Qc7 {[%clk 1:17:07]} 10. f4 {[%clk 1:17:29]} b5
{[%clk 1:15:25]} 11. a4 {[%clk 1:13:42]} b4 {[%clk 1:14:06]} 12. Nb1
{[%clk 1:10:51]} g6 {[%clk 0:47:42]} 13. N1d2 {[%clk 1:04:44]} Bg7
{[%clk 0:47:55]} 14. Nc4 {[%clk 1:01:51]} d5 {[%clk 0:44:37]} 15. exd5
{[%clk 1:00:01]} Nxd5 {[%clk 0:45:02]} 16. f5 {[%clk 1:00:00]} gxf5
{[%clk 0:39:32]} 17. Rxf5 {[%clk 0:58:26]} O-O {[%clk 0:27:48]} 18. Rg5
{[%clk 0:50:56]} f5 {[%clk 0:25:58]} 19. Kh1 {[%clk 0:48:16]} Kh8
{[%clk 0:16:43]} 20. Qh5 {[%clk 0:43:19]} Rg8 {[%clk 0:11:20]} 21. Qh3
{[%clk 0:36:58]} Ra7 {[%clk 0:06:32]} 22. Qf3 {[%clk 0:32:33]} Nce7
{[%clk 0:04:31]} 23. Qf2 {[%clk 0:28:28]} e5 {[%clk 0:03:43]} 24. Ne3
{[%clk 0:27:39]} e4 {[%clk 0:01:50]} 25. Bc4 {[%clk 0:23:21]} 1/2-1/2

[Event "39 Open Internacional de San Sebastian"]
[Site "Donostia - San Sebastian"]
[Date "2016.03.24"]
[Round "7"]
[Board "7"]
[White "LORENZO DURAN, Marcos"]
[Black "SKOMOROKHIN, Roman"]
[Result "1-0"]
[WhiteElo "2121"]
[BlackElo "2410"]
[PlyCount "0"]
[EventDate "2016.03.19"]
[EventRounds "9"]
[EventCountry "ESP"]

1. d4 {[%clk 1:30:38]} Nf6 {[%clk 1:29:18]} 2. c4 {[%clk 1:30:36]} e6
{[%clk 1:28:11]} 3. Nc3 {[%clk 1:30:44]} Bb4 {[%clk 1:25:40]} 4. e3
{[%clk 1:30:46]} c5 {[%clk 1:25:53]} 5. Nge2 {[%clk 1:30:36]} cxd4
{[%clk 1:26:15]} 6. exd4 {[%clk 1:30:51]} d5 {[%clk 1:26:42]} 7. a3
{[%clk 1:30:21]} Be7 {[%clk 1:27:05]} 8. cxd5 {[%clk 1:29:33]} Nxd5
{[%clk 1:27:30]} 9. Nxd5 {[%clk 1:28:59]} Qxd5 {[%clk 1:27:54]} 10. Nf4
{[%clk 1:17:54]} Qd6 {[%clk 1:21:39]} 11. Be3 {[%clk 1:10:28]} Nd7
{[%clk 1:19:12]} 12. Be2 {[%clk 1:02:42]} O-O {[%clk 1:18:05]} 13. O-O
{[%clk 1:02:57]} Nb6 {[%clk 1:16:15]} 14. Rc1 {[%clk 1:01:42]} Bd7
{[%clk 1:11:09]} 15. Bf3 {[%clk 1:01:30]} Bc6 {[%clk 1:08:14]} 16. Bxc6
{[%clk 1:01:13]} bxc6 {[%clk 1:05:33]} 17. Qf3 {[%clk 0:57:39]} Nd5
{[%clk 0:54:25]} 18. Nxd5 {[%clk 0:54:49]} cxd5 {[%clk 0:53:19]} 19. Rc2
{[%clk 0:51:00]} Rfc8 {[%clk 0:49:36]} 20. Rfc1 {[%clk 0:51:18]} Rxc2
{[%clk 0:45:14]} 21. Rxc2 {[%clk 0:51:30]} Qb6 {[%clk 0:45:31]} 22. Qd1
{[%clk 0:49:12]} a5 {[%clk 0:38:26]} 23. g3 {[%clk 0:47:17]} h6 {[%clk 0:36:47]}
24. Qc1 {[%clk 0:47:01]} Bf6 {[%clk 0:33:41]} 25. Rc6 {[%clk 0:45:21]} Qb3
{[%clk 0:29:20]} 26. Rc3 {[%clk 0:42:06]} Qa4 {[%clk 0:28:12]} 27. b3
{[%clk 0:41:26]} Qb5 {[%clk 0:15:39]} 28. Qc2 {[%clk 0:41:38]} h5
{[%clk 0:04:15]} 29. Rc5 {[%clk 0:40:47]} Qb6 {[%clk 0:03:59]} 30. Rc6
{[%clk 0:40:58]} Qd8 {[%clk 0:02:56]} 31. Kg2 {[%clk 0:27:41]} h4
{[%clk 0:02:46]} 32. g4 {[%clk 0:26:14]} g6 {[%clk 0:02:49]} 33. h3
{[%clk 0:26:31]} Kg7 {[%clk 0:03:07]} 34. f4 {[%clk 0:22:35]} Qb8
{[%clk 0:02:51]} 35. Rc7 {[%clk 0:19:20]} Bd8 {[%clk 0:02:55]} 36. Rc3
{[%clk 0:18:35]} Qb6 {[%clk 0:02:28]} 37. Rc6 {[%clk 0:17:50]} Qb7
{[%clk 0:02:38]} 38. f5 {[%clk 0:17:14]} exf5 {[%clk 0:01:07]} 39. gxf5
{[%clk 0:17:19]} Ra6 {[%clk 0:01:02]} 40. Rc8 {[%clk 0:12:42]} Qe7
{[%clk 0:01:01]} 41. Bf4 {[%clk 0:09:34]} gxf5 {[%clk 0:00:43]} 42. Be5+
{[%clk 0:08:09]} Kg6 {[%clk 0:00:45]} 43. Kh2 {[%clk 0:05:46]} Qg5
{[%clk 0:00:43]} 44. Qd3 {[%clk 0:05:25]} Re6 {[%clk 0:00:51]} 45. Rc2
{[%clk 0:05:47]} Kh7 {[%clk 0:00:32]} 46. Rg2 {[%clk 0:06:04]} Qh5
{[%clk 0:00:35]} 47. Rg7+ {[%clk 0:05:54]} Kh6 {[%clk 0:01:00]} 48. Rg8
{[%clk 0:05:45]} Bf6 {[%clk 0:00:34]} 49. Bxf6 {[%clk 0:04:28]} Qe2+
{[%clk 0:00:37]} 50. Qxe2 {[%clk 0:04:55]} Rxe2+ {[%clk 0:01:04]} 51. Kg1
{[%clk 0:05:12]} Rb2 {[%clk 0:00:41]} 52. Rb8 {[%clk 0:05:09]} f4
{[%clk 0:00:53]} 53. Bxh4 {[%clk 0:04:58]} Kg6 {[%clk 0:01:13]} 54. Rb5
{[%clk 0:04:54]} Kf5 {[%clk 0:01:36]} 55. Rxd5+ {[%clk 0:04:54]} Ke4
{[%clk 0:01:59]} 56. Rxa5 {[%clk 0:05:12]} Rxb3 {[%clk 0:01:30]} 57. Bf2
{[%clk 0:05:01]} Rxh3 {[%clk 0:00:34]} 58. Kg2 {[%clk 0:05:17]} Rh6
{[%clk 0:00:33]} 59. Re5+ {[%clk 0:05:36]} Kd3 {[%clk 0:00:56]} 60. d5
{[%clk 0:05:23]} f3+ {[%clk 0:00:39]} 61. Kxf3 {[%clk 0:05:38]} Rf6+
{[%clk 0:01:01]} 62. Kg2 {[%clk 0:06:00]} Kc4 {[%clk 0:01:10]} 63. Bg3
{[%clk 0:05:16]} Rd6 {[%clk 0:01:23]} 64. Re4+ {[%clk 0:05:35]} Kxd5
{[%clk 0:01:46]} 65. Re1 {[%clk 0:03:21]} Re6 {[%clk 0:00:37]} 66. Ra1
{[%clk 0:02:40]} Kc4 {[%clk 0:00:51]} 67. a4 {[%clk 0:02:53]} Kb3
{[%clk 0:01:01]} 68. a5 {[%clk 0:03:18]} Kb2 {[%clk 0:00:44]} 69. Rf1
{[%clk 0:03:33]} f6 {[%clk 0:00:42]} 70. Bc7 {[%clk 0:03:47]} Kb3
{[%clk 0:01:00]} 71. Rf4 {[%clk 0:03:54]} Rc6 {[%clk 0:00:46]} 72. Bd8
{[%clk 0:04:03]} Rd6 {[%clk 0:00:38]} 73. Bb6 {[%clk 0:03:53]} Rc6
{[%clk 0:00:35]} 74. Kf3 {[%clk 0:04:12]} f5 {[%clk 0:00:43]} 75. Kg3
{[%clk 0:04:11]} Rg6+ {[%clk 0:01:00]} 76. Kf3 {[%clk 0:04:28]} Rc6
{[%clk 0:01:15]} 77. Ke3 {[%clk 0:04:33]} Rd6 {[%clk 0:01:15]} 78. Rd4
{[%clk 0:04:32]} Rf6 {

[Event "39 Open Internacional de San Sebastian"]
[Site "Donostia - San Sebastian"]
[Date "2016.03.24"]
[Round "7"]
[Board "9"]
[White "MARTINET, Regis"]
[Black "PASTOR ALONSO DE PRADO, Albert"]
[Result "0-1"]
[WhiteElo "2061"]
[BlackElo "2141"]
[PlyCount "0"]
[EventDate "2016.03.19"]
[EventRounds "9"]
[EventCountry "ESP"]

1. d4 {[%clk 1:30:38]} d5 {[%clk 1:30:04]} 2. c4 {[%clk 1:30:32]} e6
{[%clk 1:30:27]} 3. Nc3 {[%clk 1:29:47]} Nf6 {[%clk 1:30:49]} 4. cxd5
{[%clk 1:29:16]} exd5 {[%clk 1:31:11]} 5. Bg5 {[%clk 1:29:17]} Be7
{[%clk 1:31:31]} 6. e3 {[%clk 1:28:43]} Nbd7 {[%clk 1:30:59]} 7. Bd3
{[%clk 1:28:39]} O-O {[%clk 1:31:17]} 8. Qc2 {[%clk 1:26:55]} c6 {[%clk 1:30:39]}
9. Nf3 {[%clk 1:25:43]} Re8 {[%clk 1:31:01]} 10. O-O {[%clk 1:25:34]} h6
{[%clk 1:31:08]} 11. Bf4 {[%clk 1:24:06]} Nf8 {[%clk 1:31:28]} 12. a3
{[%clk 1:23:50]} Ne6 {[%clk 1:28:02]} 13. Bg3 {[%clk 1:23:09]} Bd6
{[%clk 1:21:43]} 14. b4 {[%clk 1:23:11]} Bxg3 {[%clk 1:18:06]} 15. hxg3
{[%clk 1:23:13]} Qd6 {[%clk 1:09:28]} 16. Ne5 {[%clk 1:06:51]} Rd8
{[%clk 1:06:33]} 17. Na4 {[%clk 1:01:50]} Nd7 {[%clk 0:59:04]} 18. Nxd7
{[%clk 0:53:27]} Rxd7 {[%clk 0:54:43]} 19. Nc5 {[%clk 0:53:17]} Rc7
{[%clk 0:55:02]} 20. Qe2 {[%clk 0:51:47]} a5 {[%clk 0:50:55]} 21. Qf3
{[%clk 0:48:00]} b6 {[%clk 0:46:33]} 22. Nxe6 {[%clk 0:45:55]} Bxe6
{[%clk 0:46:55]} 23. Qf4 {[%clk 0:46:15]} Qe7 {[%clk 0:45:32]} 24. bxa5
{[%clk 0:41:26]} Rxa5 {[%clk 0:45:39]} 25. a4 {[%clk 0:39:35]} Rc8
{[%clk 0:42:44]} 26. Rfb1 {[%clk 0:37:10]} Qa7 {[%clk 0:43:05]} 27. Bf5
{[%clk 0:30:56]} Re8 {[%clk 0:41:13]} 28. Bc2 {[%clk 0:26:20]} b5
{[%clk 0:37:17]} 29. Rb4 {[%clk 0:25:33]} c5 {[%clk 0:33:26]} 30. dxc5
{[%clk 0:24:38]} Qxc5 {[%clk 0:33:32]} 31. Bd3 {[%clk 0:24:15]} Qc3
{[%clk 0:28:58]} 32. Qd4 {[%clk 0:23:51]} Qxd4 {[%clk 0:28:01]} 33. exd4
{[%clk 0:22:46]} bxa4 {[%clk 0:28:05]} 34. Rbxa4 {[%clk 0:23:09]} Rxa4
{[%clk 0:28:16]} 35. Rxa4 {[%clk 0:23:32]} Rb8 {[%clk 0:28:33]} 36. Ra5
{[%clk 0:10:04]} Kf8 {[%clk 0:28:04]} 37. Rb5 {[%clk 0:06:46]} Ra8
{[%clk 0:28:06]} 38. Bc2 {[%clk 0:05:01]} Ra1+ {[%clk 0:27:13]} 39. Rb1
{[%clk 0:05:19]} Ra2 {[%clk 0:27:16]} 40. Bb3 {[%clk 0:05:18]} Rd2
{[%clk 0:27:39]} 41. Rd1 {[%clk 0:05:46]} Rb2 {[%clk 0:27:59]} 42. Ba4
{[%clk 0:03:56]} Ke7 {[%clk 0:27:54]} 43. f3 {[%clk 0:03:41]} h5 {[%clk 0:25:43]}
44. Kh2 {[%clk 0:03:01]} g5 {[%clk 0:25:20]} 45. Kg1 {[%clk 0:03:00]} Kf6
{[%clk 0:25:01]} 46. Bc6 {[%clk 0:02:42]} Ke7 {[%clk 0:23:35]} 47. f4
{[%clk 0:01:41]} Kd6 {[%clk 0:23:04]} 48. Be8 {[%clk 0:01:47]} Ke7
{[%clk 0:19:08]} 49. Bc6 {[%clk 0:02:15]} gxf4 {[%clk 0:17:57]} 50. gxf4
{[%clk 0:02:37]} Kf6 {[%clk 0:17:51]} 51. Re1 {[%clk 0:02:13]} Rd2
{[%clk 0:15:08]} 52. Re5 {[%clk 0:02:23]} Rxd4 {[%clk 0:15:19]} 53. Rxh5
{[%clk 0:02:39]} Rd2 {[%clk 0:15:04]} 54. Re5 {[%clk 0:02:07]} d4
{[%clk 0:15:19]} 55. Bf3 {[%clk 0:01:04]} Ra2 {[%clk 0:14:55]} 56. g4
{[%clk 0:01:18]} d3 {[%clk 0:14:14]} 57. g5+ {[%clk 0:01:46]} Kg7
{[%clk 0:10:24]} 58. f5 {[%clk 0:02:16]} Bc4 {[%clk 0:09:36]} 59. Rc5
{[%clk 0:02:32]} Ba6 {[%clk 0:09:29]} 60. f6+ {[%clk 0:03:00]} Kf8
{[%clk 0:05:30]} 61. Rd5 {[%clk 0:03:24]} Ke8 {[%clk 0:05:45]} 62. Bg4
{[%clk 0:02:12]} d2 {[%clk 0:04:10]} 63. Bd7+ {[%clk 0:02:04]} Kf8
{[%clk 0:03:44]} 64. Ba4 {[%clk 0:01:44]} Kg8 {[%clk 0:03:28]} 65. Bd1
{[%clk 0:01:34]} Bc4 {[%clk 0:03:38]} 66. Rd4 {[%clk 0:01:47]} Ra1
{[%clk 0:04:00]} 67. Rxd2 {[%clk 0:02:14]} Bb3 {[%clk 0:04:24]} 68. g6
{[%clk 0:02:07]} fxg6 {[%clk 0:04:35]} 69. Kf2 {[%clk 0:02:14]} Rxd1
{[%clk 0:04:47]} 70. Rb2 {[%clk 0:02:43]} Rd3 {[%clk 0:05:09]} 71. Rb1
{[%clk 0:02:39]} Kf7 {[%clk 0:05:32]} 72. Ke2 {[%clk 0:03:01]} Rh3
{[%clk 0:05:44]} 73. Kf2 {[%clk 0:02:51]} Kxf6 {[%clk 0:06:03]} 74. Kg2
{[%clk 0:03:15]} Rc3 {[%clk 0:06:18]} 75. Rf1+ {[%clk 0:03:38]} Kg5
{[%clk 0:06:37]} 76. Ra1 {[%clk 0:03:54]} Kg4 {[%clk 0:06:54]} 77. Ra5
{[%clk 0:04:10]} Rc2+ {[%clk 0:07:09]} 78. Kg1 {[%clk 0:04:29]} g5

[Event "39 Open Internacional de San Sebastian"]
[Site "Donostia - San Sebastian"]
[Date "2016.03.24"]
[Round "7"]
[Board "11"]
[White "MERCADO LARREA, Adrian"]
[Black "SEGOVIA SANCHEZ, Antonio"]
[Result "1-0"]
[WhiteElo "2007"]
[BlackElo "2074"]
[PlyCount "0"]
[EventDate "2016.03.19"]
[EventRounds "9"]
[EventCountry "ESP"]

1. e4 {[%clk 1:24:43]} c6 {[%clk 1:30:55]} 2. Nc3 {[%clk 1:25:03]} g6
{[%clk 1:31:20]} 3. Nf3 {[%clk 1:22:36]} Bg7 {[%clk 1:31:26]} 4. d4
{[%clk 1:21:24]} d5 {[%clk 1:31:10]} 5. exd5 {[%clk 1:15:05]} cxd5
{[%clk 1:31:18]} 6. Bb5+ {[%clk 1:13:18]} Nc6 {[%clk 1:22:51]} 7. Be3
{[%clk 1:07:09]} Nf6 {[%clk 1:18:27]} 8. Ne5 {[%clk 0:56:27]} Bd7
{[%clk 1:16:04]} 9. Bxc6 {[%clk 0:55:01]} Bxc6 {[%clk 1:14:53]} 10. O-O
{[%clk 0:51:15]} Rc8 {[%clk 1:15:05]} 11. Qd2 {[%clk 0:51:04]} O-O
{[%clk 0:58:55]} 12. Rfe1 {[%clk 0:48:41]} Qb6 {[%clk 0:58:38]} 13. Rab1
{[%clk 0:48:03]} Rfd8 {[%clk 0:58:50]} 14. f3 {[%clk 0:41:36]} Ne8
{[%clk 0:56:20]} 15. Bf2 {[%clk 0:34:35]} Rc7 {[%clk 0:48:51]} 16. Bg3
{[%clk 0:23:18]} Nd6 {[%clk 0:49:02]} 17. Kh1 {[%clk 0:17:27]} Nf5
{[%clk 0:25:38]} 18. Ne2 {[%clk 0:14:39]} Bb5 {[%clk 0:23:42]} 19. c3
{[%clk 0:14:13]} Nxg3+ {[%clk 0:23:54]} 20. hxg3 {[%clk 0:12:58]} Qa6
{[%clk 0:23:39]} 21. a3 {[%clk 0:12:01]} Rd6 {[%clk 0:21:02]} 22. Nf4
{[%clk 0:08:40]} Bh6 {[%clk 0:18:09]} 23. Qd1 {[%clk 0:05:21]} Ba4
{[%clk 0:14:22]} 24. Qe2 {[%clk 0:04:48]} Qb6 {[%clk 0:13:58]} 25. Ng4
{[%clk 0:02:33]} Bg7 {[%clk 0:13:35]} 26. Nd3 {[%clk 0:02:21]} Bb5
{[%clk 0:12:21]} 27. Qd1 {[%clk 0:01:29]} Bc4 {[%clk 0:11:02]} 28. Nge5
{[%clk 0:00:44]} Bb3 {[%clk 0:11:17]} 29. Qd2 f6 {[%clk 0:10:36]} 30. Ng4
{[%clk 0:01:22]} Ba2 {[%clk 0:09:00]} 31. Ra1 {[%clk 0:00:48]} Bc4
{[%clk 0:09:10]} 32. Nc5 {[%clk 0:00:40]} e5 {[%clk 0:08:20]} 33. b3
{[%clk 0:00:38]} Bb5 {[%clk 0:08:35]} 34. a4 {[%clk 0:00:35]} Be8
{[%clk 0:08:31]} 35. b4 {[%clk 0:00:36]} Re7 {[%clk 0:08:43]} 36. f4
{[%clk 0:00:42]} e4 {[%clk 0:08:09]} 37. Ne3 {[%clk 0:00:52]} Qc7
{[%clk 0:08:13]} 38. f5 {[%clk 0:01:16]} b6 {[%clk 0:08:22]} 39. Ne6
{[%clk 0:01:09]} Qc8 {[%clk 0:07:44]} 40. Nxg7 {[%clk 0:00:59]} Rxg7
{[%clk 0:08:07]} 41. Rf1 {[%clk 0:00:32]} Rc7 {[%clk 0:08:17]} 42. Ra3
{[%clk 0:00:57]} Qa6 {[%clk 0:08:07]} 43. Re1 {[%clk 0:00:33]} Bf7
{[%clk 0:06:04]} 44. Ng4 {[%clk 0:00:47]} Qc8 {[%clk 0:04:40]} 45. Qf4
{[%clk 0:00:41]} Qd8 {[%clk 0:04:15]} 46. Rf1 {[%clk 0:00:33]} g5
{[%clk 0:03:41]} 47. Qd2 {[%clk 0:00:50]} Kg7 {[%clk 0:03:33]} 48. Kg1
{[%clk 0:00:36]} Rdc6 {[%clk 0:03:54]} 49. a5 {[%clk 0:00:36]} Qc8
{[%clk 0:03:36]} 50. axb6 {[%clk 0:00:46]} axb6 {[%clk 0:04:01]} 51. Ne3
{[%clk 0:00:45]} Rxc3 {[%clk 0:04:21]} 52. Rxc3 {[%clk 0:00:54]} Rxc3
{[%clk 0:04:45]} 53. Ra1 {[%clk 0:01:01]} Rc7 {[%clk 0:03:58]} 54. Ra2
{[%clk 0:00:45]} Qd7 {[%clk 0:03:25]} 55. Rc2 {[%clk 0:00:57]} Ra7
{[%clk 0:03:09]} 56. Ra2 {[%clk 0:00:56]} Ra4 {[%clk 0:03:15]} 57. Rxa4
{[%clk 0:01:21]} Qxa4 {[%clk 0:03:39]} 58. Qc3 {[%clk 0:01:31]} Qa2
{[%clk 0:03:44]} 59. Kf1 {[%clk 0:00:37]} h5 {[%clk 0:03:15]} 60. Kg1
{[%clk 0:00:34]} Qb1+ {[%clk 0:03:15]} 61. Kh2 {[%clk 0:00:35]} g4
{[%clk 0:02:33]} 62. Qd2 {[%clk 0:00:33]} Qb3 {[%clk 0:02:38]} 63. Kg1
{[%clk 0:00:44]} Be8 {[%clk 0:02:51]} 64. Kf2 {[%clk 0:00:56]} Bb5
{[%clk 0:03:07]} 65. Qc2 {[%clk 0:00:40]} Bc4 {[%clk 0:00:37]} 66. Qxb3
{[%clk 0:00:43]} Bxb3 {[%clk 0:01:02]} 67. Ke2 {[%clk 0:00:54]} Bc4+
{[%clk 0:00:48]} 68. Kd2 {[%clk 0:00:51]} Kh6 {[%clk 0:01:04]} 69. b5
{[%clk 0:00:43]} Kg5 {[%clk 0:01:14]} 70. Kc3 {[%clk 0:00:46]} Bxb5
{[%clk 0:00:59]} 71. Nxd5 {[%clk 0:00:47]} Kxf5 {[%clk 0:01:20]} 72. Nxb6
{[%clk 0:00:54]} e3 {[%clk 0:00:36]} 73. Nd5 {[%clk 0:01:09]} e2 {[%clk 0:00:40]}
74. Kd2 {[%clk 0:01:35]} Bc6 {[%clk 0:00:34]} 75. Ne7+ {[%clk 0:01:55]} Ke4
{[%clk 0:00:43]} 76. Nxc6 {[%clk 0:02:17]} Kd5 {[%clk 0:01:12]} 77. Ne7+
{[%clk 0:01:53]} Kxd4 {[%clk 0:01:33]} 78. Kxe2 {[%clk 0:00:35]} Ke4
{[%clk 0:01:

[Event "39 Open Internacional de San Sebastian"]
[Site "Donostia - San Sebastian"]
[Date "2016.03.25"]
[Round "8"]
[Board "5"]
[White "TRATAR, Marko"]
[Black "MERCADO LARREA, Adrian"]
[Result "1-0"]
[WhiteElo "2471"]
[BlackElo "2007"]
[PlyCount "0"]
[EventDate "2016.03.19"]
[EventRounds "9"]
[EventCountry "ESP"]

1. c4 {[%clk 1:30:56]} c5 {[%clk 1:27:05]} 2. Nf3 {[%clk 1:30:57]} Nc6
{[%clk 1:27:06]} 3. Nc3 {[%clk 1:29:03]} g6 {[%clk 1:25:59]} 4. e3
{[%clk 1:28:46]} Bg7 {[%clk 1:16:54]} 5. d4 {[%clk 1:29:04]} d6 {[%clk 1:12:50]}
6. Be2 {[%clk 1:26:18]} Bg4 {[%clk 1:03:49]} 7. O-O {[%clk 1:24:49]} Nf6
{[%clk 1:02:15]} 8. d5 {[%clk 1:14:12]} Bxf3 {[%clk 1:01:20]} 9. Bxf3
{[%clk 1:14:17]} Ne5 {[%clk 1:01:34]} 10. Be2 {[%clk 1:14:37]} O-O
{[%clk 0:53:23]} 11. f4 {[%clk 1:05:05]} Ned7 {[%clk 0:53:45]} 12. Qd3
{[%clk 1:04:59]} Ne8 {[%clk 0:46:19]} 13. Bd2 {[%clk 1:04:46]} e5
{[%clk 0:40:32]} 14. dxe6 {[%clk 0:57:41]} fxe6 {[%clk 0:40:40]} 15. Bf3
{[%clk 0:56:22]} Rb8 {[%clk 0:37:45]} 16. Rad1 {[%clk 0:56:39]} Qe7
{[%clk 0:35:40]} 17. Bc1 {[%clk 0:53:39]} Nb6 {[%clk 0:26:45]} 18. b3
{[%clk 0:46:07]} Rd8 {[%clk 0:20:29]} 19. Qc2 {[%clk 0:35:32]} Nf6
{[%clk 0:15:21]} 20. g4 {[%clk 0:35:02]} a6 {[%clk 0:11:47]} 21. g5
{[%clk 0:35:21]} Ne8 {[%clk 0:12:11]} 22. h4 {[%clk 0:34:59]} d5 23. cxd5
{[%clk 0:31:27]} Bxc3 {[%clk 0:05:13]} 24. Qxc3 {[%clk 0:31:49]} Nxd5
{[%clk 0:05:28]} 25. Qe5 {[%clk 0:25:58]} Rf5 {[%clk 0:03:05]} 26. Qb2
{[%clk 0:26:22]} Rf7 {[%clk 0:03:30]} 27. Bg4 {[%clk 0:19:21]} Ng7
{[%clk 0:01:37]} 28. Qe5 {[%clk 0:17:56]} b6 {[%clk 0:01:11]} 29. a3
{[%clk 0:15:00]} Nc7 {[%clk 0:01:22]} 30. Rxd8+ {[%clk 0:06:36]} Qxd8
{[%clk 0:01:50]} 31. Rd1 {[%clk 0:06:32]} Rd7 {[%clk 0:01:58]} 32. Rxd7
{[%clk 0:06:57]} Qxd7 {[%clk 0:02:20]} 33. Bb2 {[%clk 0:07:24]} Nce8
{[%clk 0:02:26]} 34. Bc3 {[%clk 0:04:17]} Kf7 {[%clk 0:02:00]} 35. Be2
{[%clk 0:04:32]} a5 {[%clk 0:00:57]} 36. e4 {[%clk 0:03:33]} Qd6 {[%clk 0:00:33]}
37. a4 {[%clk 0:03:29]} Qc7 {[%clk 0:00:33]} 38. Bb5 {[%clk 0:03:19]} Qd6
{[%clk 0:00:36]} 39. Be2 {[%clk 0:02:46]} Qc7 {[%clk 0:00:46]} 40. Kf2
{[%clk 0:02:43]} Qd6 {[%clk 0:00:36]} 41. Ke1 {[%clk 0:02:28]} Kf8
{[%clk 0:00:32]} 42. Bb5 {[%clk 0:02:19]} Qxe5 {[%clk 0:00:36]} 43. Bxe5
{[%clk 0:02:43]} Ke7 {[%clk 0:00:54]} 44. Kd2 {[%clk 0:01:10]} Nh5
{[%clk 0:01:07]} 45. Bxe8 {[%clk 0:00:53]} Kxe8 {[%clk 0:01:32]} 46. Bc7
{[%clk 0:01:19]} Kd7 {[%clk 0:00:59]} 47. Bxb6 {[%clk 0:01:47]} Kc6
{[%clk 0:01:22]} 48. Bxa5 {[%clk 0:02:07]} Nxf4 {[%clk 0:01:48]} 49. Bc3
{[%clk 0:01:17]} Nh3 {[%clk 0:00:44]} 50. Ke3 {[%clk 0:01:12]} Kd6
{[%clk 0:00:39]} 51. a5 {[%clk 0:01:16]} Kc6 {[%clk 0:00:33]} 52. Be5
{[%clk 0:00:59]} Kb5 {[%clk 0:00:47]} 53. Bd6 {[%clk 0:00:56]} Kc6
{[%clk 0:00:32]} 54. a6 {[%clk 0:01:07]} Kd5 1-0

[Event "39 Open Internacional de San Sebastian"]
[Site "Donostia - San Sebastian"]
[Date "2016.03.25"]
[Round "8"]
[Board "8"]
[White "PASTOR ALONSO DE PRADO, Albert"]
[Black "MUNOZ AVILA, Jose Luis"]
[Result "1-0"]
[WhiteElo "2141"]
[BlackElo "2023"]
[PlyCount "0"]
[EventDate "2016.03.19"]
[EventRounds "9"]
[EventCountry "ESP"]

1. e4 {[%clk 1:30:08]} e5 {[%clk 1:30:56]} 2. Nf3 {[%clk 1:30:12]} d6
{[%clk 1:31:22]} 3. d4 {[%clk 1:30:18]} exd4 {[%clk 1:31:48]} 4. Qxd4
{[%clk 1:29:02]} Nc6 {[%clk 1:32:14]} 5. Bb5 {[%clk 1:29:20]} Nge7
{[%clk 1:32:40]} 6. Qd3 {[%clk 1:21:47]} a6 {[%clk 1:30:06]} 7. Ba4
{[%clk 1:21:59]} Ng6 {[%clk 1:26:10]} 8. Nc3 {[%clk 1:20:41]} Be7
{[%clk 1:25:50]} 9. O-O {[%clk 1:18:27]} O-O {[%clk 1:26:07]} 10. Nd5
{[%clk 1:14:17]} Nce5 {[%clk 1:21:01]} 11. Nxe5 {[%clk 1:14:18]} Nxe5
{[%clk 1:19:06]} 12. Nxe7+ {[%clk 1:13:59]} Qxe7 {[%clk 1:19:31]} 13. Qg3
{[%clk 1:13:02]} b5 {[%clk 1:18:06]} 14. Bb3 {[%clk 1:13:23]} Bb7
{[%clk 1:18:33]} 15. Bg5 {[%clk 1:11:57]} Qd7 {[%clk 1:17:43]} 16. f3
{[%clk 1:10:01]} Kh8 {[%clk 1:15:57]} 17. Rad1 {[%clk 1:09:30]} f6
{[%clk 1:13:06]} 18. Be3 {[%clk 1:06:25]} Qe7 {[%clk 1:12:05]} 19. Rfe1
{[%clk 1:05:07]} Rfe8 {[%clk 1:12:12]} 20. c3 {[%clk 0:59:45]} Rad8
{[%clk 1:10:01]} 21. Qf2 {[%clk 0:55:57]} Bc8 {[%clk 1:06:53]} 22. Bc2
{[%clk 0:50:28]} Be6 {[%clk 1:02:04]} 23. b3 {[%clk 0:50:13]} c6 {[%clk 1:00:27]}
24. h3 {[%clk 0:48:40]} Qf8 {[%clk 0:52:20]} 25. f4 {[%clk 0:41:41]} Nd7
{[%clk 0:52:19]} 26. Rd2 {[%clk 0:38:26]} d5 {[%clk 0:49:20]} 27. Qh4
{[%clk 0:37:44]} f5 {[%clk 0:48:37]} 28. e5 {[%clk 0:36:25]} Qe7 {[%clk 0:41:38]}
29. Qxe7 {[%clk 0:36:17]} Rxe7 {[%clk 0:42:04]} 30. Bf2 {[%clk 0:36:08]} Ree8
{[%clk 0:41:41]} 31. b4 {[%clk 0:33:09]} Ra8 {[%clk 0:38:39]} 32. a4
{[%clk 0:30:41]} Rab8 {[%clk 0:33:08]} 33. axb5 axb5 {[%clk 0:33:25]} 34. Ra1
{[%clk 0:29:47]} Ra8 {[%clk 0:33:18]} 35. Rdd1 {[%clk 0:30:03]} Rec8
{[%clk 0:32:53]} 36. Bd4 {[%clk 0:27:52]} Kg8 {[%clk 0:32:39]} 37. g4
{[%clk 0:28:10]} g6 {[%clk 0:33:00]} 38. gxf5 gxf5 {[%clk 0:33:06]} 39. Kf2
{[%clk 0:28:11]} h6 {[%clk 0:33:22]} 40. Bd3 {[%clk 0:26:37]} Kh7
{[%clk 0:31:50]} 41. Kf3 {[%clk 0:25:17]} Nf8 {[%clk 0:30:15]} 42. Ba7
{[%clk 0:23:00]} Nd7 {[%clk 0:29:21]} 43. Ra5 {[%clk 0:23:18]} Rc7
{[%clk 0:28:05]} 44. Rda1 {[%clk 0:22:48]} Re8 {[%clk 0:28:09]} 45. Bd4
{[%clk 0:22:33]} Kg6 {[%clk 0:27:59]} 46. Ra7 {[%clk 0:21:17]} Rxa7
{[%clk 0:25:29]} 47. Rxa7 {[%clk 0:21:39]} Rc8 {[%clk 0:25:54]} 48. Ke3
{[%clk 0:16:54]} Kf7 {[%clk 0:23:51]} 49. Be2 {[%clk 0:17:04]} Kg6
{[%clk 0:23:16]} 50. Ra6 {[%clk 0:17:18]} Kf7 {[%clk 0:23:29]} 51. Bh5+
{[%clk 0:17:25]} Kg7 {[%clk 0:22:02]} 52. Ra7 {[%clk 0:17:30]} Kg8
{[%clk 0:18:11]} 53. Kf3 {[%clk 0:17:28]} Kf8 {[%clk 0:17:42]} 54. Kg3
{[%clk 0:17:47]} Kg8 {[%clk 0:17:37]} 55. Kh4 {[%clk 0:18:06]} Kg7
{[%clk 0:17:49]} 56. Bc5 {[%clk 0:18:20]} Kh7 {[%clk 0:17:02]} 57. Be7
{[%clk 0:18:35]} Kg7 {[%clk 0:17:18]} 58. Bf6+ {[%clk 0:18:18]} Kh7
{[%clk 0:17:21]} 59. Kg3 {[%clk 0:14:01]} Rg8+ {[%clk 0:16:49]} 60. Kf2
{[%clk 0:14:17]} Rc8 {[%clk 0:17:03]} 61. Ke3 {[%clk 0:14:23]} Kg8
{[%clk 0:16:20]} 62. Bg6 {[%clk 0:12:38]} c5 {[%clk 0:13:14]} 63. bxc5
{[%clk 0:12:26]} Nxc5 {[%clk 0:13:33]} 64. Rh7 {[%clk 0:12:44]} Kf8
{[%clk 0:13:37]} 65. Rh8+ {[%clk 0:11:53]} Bg8 {[%clk 0:14:00]} 66. Bxf5 1-0